drivers license - Olivia Rodrigo (All Lyrics) - Statistics

General Stats
  • This quiz has been taken 20,971 times
  • The average score is 287 of 356
Answer Stats
drivers license % Correct
Chorus | Verse 1 I
100%
drive
99%
go
98%
we
98%
my
97%
you
97%
driver's
96%
got
96%
license
96%
about
95%
last
95%
your
95%
me
94%
so
94%
To
94%
to
94%
week
94%
always
93%
for
93%
like
93%
the
93%
Just
92%
just
92%
talked
92%
were
92%
we're
92%
But
90%
but
90%
Chorus | Verse 2 | Verse 3 And
89%
house
88%
no
88%
that
88%
Cause
87%
cause
87%
in
87%
I'm
85%
be
84%
drove
84%
weren't
83%
excited
82%
how
82%
How
82%
know
82%
now
82%
through
82%
today
82%
Today
82%
could
81%
never
81%
can't
80%
Can't
80%
love
80%
past
80%
perfect
80%
street
80%
up
80%
one
79%
this
79%
way
79%
finally
78%
suburbs
78%
alone
77%
do
77%
felt
77%
gone
77%
okay
76%
imagine
75%
said
74%
song
74%
didn't
73%
forever
73%
I've
73%
what
73%
Crying
72%
ever
72%
mean
72%
wrote
72%
around
71%
still
71%
lights
70%
much
70%
Bridge Red
70%
girl
69%
Who
69%
with
69%
stop
68%
see
67%
blonde
66%
signs
66%
face
65%
Guess
65%
guess
65%
all
64%
you're
64%
hear
63%
made
63%
She's
62%
someone
62%
than
62%
are
60%
everything
60%
friends
60%
fuckin'
60%
insecure
60%
probably
60%
doubt
59%
else?
59%
older
59%
babe
57%
used
57%
Yeah
56%
yeah
56%
miss
55%
feel
53%
Of
53%
tired
53%
sorry
50%
them
50%
hearing
49%
places
49%
they'll
48%
driving
47%
home
46%
was
46%
oh
45%
kinda
44%
white
43%
pictured
39%
voice
39%
cars
37%
front
36%
laughing
36%
traffic
36%
Over
33%
noise
31%
yards
30%
blue
28%
God
25%
Sidewalks
23%
crossed
22%
No matching quizzes found
Score Distribution
Percent of People with Each Score
Percentile by Number Answered
Your Score History
You have not taken this quiz